Statistics for Oldest Countries on Planet Earth

Click here to take the quiz!

General Stats

  • This quiz has been taken 28 times
  • The average score is 5 of 10

Answer Stats

HintAnswer% Correct
3100BCEgypt
82%
2070BCChina
75%
2000BCIndia
68%
3200BCIran
64%
1300BCIsrael
57%
1070BCSudan
43%
2879BCVietnam
43%
2492BCArmenia
29%
1300BCGeorgia
25%
2333BCNorth Korea
7%

Score Distribution

Percentile by Number Answered

Percent of People with Each Score

Your Score History

You have not taken this quiz